00608 2200205 4500001002100000005001500021035002000036007000300056008004100059082001600100084002200116100004300138245005000181260005300231300002800284650001500312650001700327856003400344990002400378INLIS00000000000818520260408123952 a0010-0426000034ta260408 0 ind  a001.89(047) a001.89(047) BAL h0 aBalai Penelitian Tanaman Pangan Malang1 aHasil Penelitian Pengembangan Tahun 1992/1993 aMalang :bBalai Penelitian Tanaman Pangan,c1993 a53p. :bIlus ;c29.1 cm 4aPenelitian 4aPengembangan aPerpustakaan BBRMP Jawa Timur a325/2026/BBRMPJATIM